<?xml version="1.0" encoding="UTF-8"?>
<record
    xmlns:xsi="http://www.w3.org/2001/XMLSchema-instance"
    xsi:schemaLocation="http://www.loc.gov/MARC21/slim http://www.loc.gov/standards/marcxml/schema/MARC21slim.xsd"
    xmlns="http://www.loc.gov/MARC21/slim">

  <leader>00681nam a22001577a 4500</leader>
  <controlfield tag="003">OSt</controlfield>
  <controlfield tag="005">20151030144254.0</controlfield>
  <controlfield tag="008">151030b        xxu||||| |||| 00| 0 eng d</controlfield>
  <datafield tag="040" ind1=" " ind2=" ">
    <subfield code="c">RUA</subfield>
  </datafield>
  <datafield tag="082" ind1=" " ind2=" ">
    <subfield code="a">VTF NOU 2004 B114 Or.1</subfield>
  </datafield>
  <datafield tag="100" ind1=" " ind2=" ">
    <subfield code="9">3068</subfield>
    <subfield code="a">NOU, NAVY.</subfield>
  </datafield>
  <datafield tag="245" ind1=" " ind2=" ">
    <subfield code="a">Survey on control of animal movement and animal by-product at svay rieng border, &#x1780;&#x17B6;&#x179A;&#x17A2;&#x1784;&#x17D2;&#x1780;&#x17C1;&#x178F;&#x1796;&#x17B8;&#x1780;&#x17B6;&#x179A;&#x178F;&#x17D2;&#x179A;&#x17BD;&#x178F;&#x1796;&#x17B7;&#x1793;&#x17B7;&#x178F;&#x17D2;&#x1799;&#x1785;&#x179B;&#x1793;&#x17B6;&#x179F;&#x178F;&#x17D2;&#x179C; &#x1793;&#x17B7;&#x1784;&#x1795;&#x179B;&#x17B7;&#x178F;&#x1795;&#x179B;&#x1798;&#x17B6;&#x1793;&#x178A;&#x17BE;&#x1798;&#x1780;&#x17C6;&#x178E;&#x17BE;&#x178F;&#x1796;&#x17B8;&#x179F;&#x178F;&#x17D2;&#x179C; &#x1785;&#x17C1;&#x1789;-&#x1785;&#x17BC;&#x179B;&#x1785;&#x17D2;&#x179A;&#x1780;&#x179F;&#x17D2;&#x179C;&#x17B6;&#x1799;&#x179A;&#x17C0;&#x1784;</subfield>
  </datafield>
  <datafield tag="260" ind1=" " ind2=" ">
    <subfield code="a">Phnom Penh</subfield>
    <subfield code="b">RUA</subfield>
    <subfield code="c">2004</subfield>
  </datafield>
  <datafield tag="300" ind1=" " ind2=" ">
    <subfield code="a">vii; 41p.</subfield>
    <subfield code="b">ill.</subfield>
    <subfield code="c">29cm.</subfield>
  </datafield>
  <datafield tag="942" ind1=" " ind2=" ">
    <subfield code="2">ddc</subfield>
    <subfield code="c">VTF`</subfield>
  </datafield>
  <datafield tag="999" ind1=" " ind2=" ">
    <subfield code="c">2860</subfield>
    <subfield code="d">2860</subfield>
  </datafield>
  <datafield tag="952" ind1=" " ind2=" ">
    <subfield code="0">0</subfield>
    <subfield code="1">0</subfield>
    <subfield code="2">ddc</subfield>
    <subfield code="4">0</subfield>
    <subfield code="6">VTF_NOU_2004_000000000000000_B114_OR_1</subfield>
    <subfield code="7">0</subfield>
    <subfield code="9">13888</subfield>
    <subfield code="a">LBB</subfield>
    <subfield code="b">LBB</subfield>
    <subfield code="c">B114</subfield>
    <subfield code="d">2015-10-30</subfield>
    <subfield code="o">VTF NOU 2004 B114 Or.1</subfield>
    <subfield code="p">RUA006739</subfield>
    <subfield code="r">2015-10-30</subfield>
    <subfield code="w">2015-10-30</subfield>
    <subfield code="y">VTF`</subfield>
  </datafield>
  <datafield tag="952" ind1=" " ind2=" ">
    <subfield code="0">0</subfield>
    <subfield code="1">0</subfield>
    <subfield code="2">ddc</subfield>
    <subfield code="4">0</subfield>
    <subfield code="6">VTF_NOU_2004_000000000000000_B114_OR_2</subfield>
    <subfield code="7">0</subfield>
    <subfield code="9">13889</subfield>
    <subfield code="a">LBB</subfield>
    <subfield code="b">LBB</subfield>
    <subfield code="c">B114</subfield>
    <subfield code="d">2015-10-30</subfield>
    <subfield code="o">VTF NOU 2004 B114 Or.2</subfield>
    <subfield code="p">RUA006035</subfield>
    <subfield code="r">2015-10-30</subfield>
    <subfield code="w">2015-10-30</subfield>
    <subfield code="y">VTF`</subfield>
  </datafield>
</record>
